| 000 | 00369cam a2200145ua 4500 | ||
|---|---|---|---|
| 041 |
_aeng _h |
||
| 082 |
_a591 _bSAV/TE |
||
| 100 | _aSavory, Theodore . | ||
| 245 |
_aTeach yourself zoology / _cTheodore Savory. _hTextual Documents |
||
| 260 |
_aLondon : _bEnglish Universities Press , _c1962. |
||
| 300 | _a184 ; . | ||
| 504 | _a | ||
| 942 | _cBK | ||
| 999 |
_c9266 _d9266 |
||